Currículum, acto didáctico y teoría del texto
Saved in:
| Hovedforfatter: | |
|---|---|
| Format: | Bog |
| Sprog: | spansk |
| Udgivet: |
Madrid
Anaya
1985
|
| Serier: | Ciencias de la Educación
|
| Fag: | |
| Tags: |
Tilføj Tag
Ingen Tags, Vær først til at tagge denne postø!
|
MARC
| LEADER | 00000nam a2200000 a 4500 | ||
|---|---|---|---|
| 001 | UCO9462 | ||
| 003 | CL-VaPUC | ||
| 008 | 010302e19850000SP |||||||||||||||||spa|d | ||
| 082 | 0 | 4 | |a 375 |b ROD |2 21 |
| 100 | 0 | |a Rodríguez Diéguez, José Luis |e author |9 454631 | |
| 245 | 1 | 0 | |a Currículum, acto didáctico y teoría del texto |
| 300 | |a 187 p | ||
| 942 | |c BK | ||
| 945 | |d 20010302 00:00:00 |a cmena | ||
| 260 | |a Madrid |b Anaya |c 1985 | ||
| 650 | 0 | |a Curriculos |9 343652 | |
| 650 | 0 | |a Planificación del currículo |9 269599 | |
| 650 | 0 | |a Métodos de enseñanza |9 270413 | |
| 650 | 0 | |a Investigación educacional |9 261192 | |
| 583 | |a last modification |c 20010302 00:00:00 |k Rodrigo Vera | ||
| 490 | 0 | |a Ciencias de la Educación | |
| 999 | |c 293669 |d 293667 | ||
| 952 | |0 0 |1 0 |4 0 |6 375_000000000000000_ROD_1985 |7 0 |8 A |9 345357 |a FDOPOS |b FDOPOS |d 2019-11-20 |i 3689956 |o 375 ROD 1985 |p 3689956 |r 2025-01-22 |w 2019-11-20 |y BK |k MLA | ||